000 00543nam a2200157 i 4500
001 55953
003 ES-MaACL
005 20230906163244.0
007 t|
008 030930s1912 sp ||||1| spa d
100 1 _aDíaz Fernández, Valero.
_944278
245 1 3 _aEl partido obrero
_b: discurso pronunciado en el Círculo de la Juventud Liberal y Agrupación de Obreros Demócratas el día 29 de enero de 1912 /
_cValero Díaz Fernández.
260 _aMadrid :
_b[s.n.],
_c1912.
300 _a24 p. ;
_c21 cm.
852 _aES-MaACL
_jT-1241-F-1
999 _c55953
_d55953